Mechanics applied to engineering (Record no. 22223)

000 -LEADER
fixed length control field 00441nam a22001817a 4500
001 - CONTROL NUMBER
control field 22223
003 - CONTROL NUMBER IDENTIFIER
control field BD-DhUET
008 - FIXED-LENGTH DATA ELEMENTS--GENERAL INFORMATION
fixed length control field 150423b xxu||||| |||| 00| 0 eng d
040 ## - CATALOGING SOURCE
Transcribing agency DLC
Modifying agency BD-DhUET
082 ## - DEWEY DECIMAL CLASSIFICATION NUMBER
Classification number 620.1
Item number RYD/1958
100 ## - MAIN ENTRY--PERSONAL NAME
Personal name Ryder, G. H.
245 ## - TITLE STATEMENT
Title Mechanics applied to engineering
250 ## - EDITION STATEMENT
Edition statement 1st ed.
260 ## - PUBLICATION, DISTRIBUTION, ETC. (IMPRINT)
Place of publication, distribution, etc. London
Name of publisher, distributor, etc. Cleaver-Hume Press
Date of publication, distribution, etc. 1958
300 ## - PHYSICAL DESCRIPTION
Extent vii, 244p.
650 #0 - SUBJECT ADDED ENTRY--TOPICAL TERM
Topical term or geographic name as entry element Applied mechanics
942 ## - ADDED ENTRY ELEMENTS (KOHA)
Koha item type General Book
Holdings
Damaged status Koha date last seen Piece designation (barcode) Koha full call number Shelving location Date acquired Copy number Lost status Source of classification or shelving scheme Location (home branch) Price effective from Koha item type Koha normalized classification for sorting Withdrawn status Not for loan Sublocation or collection (holding branch)
 2015-04-2314513620.1/RYD/1958Circulation section2015-04-231  Central Library, BUET2015-04-23General Book620_100000000000000_RYD_1958  Central Library, BUET
 2015-04-253998620.1/RYD/1958Circulation section2015-04-252  Central Library, BUET2015-04-25General Book620_100000000000000_RYD_1958  Central Library, BUET